عرض عادي
عرض مارك
- Electronic data interchange.
مدخل مصطلح موضوعي
001 - رقم الضبط
- حقل الضبط: 42552
003 - معرف رقم الضبط
- حقل الضبط: OSt
005 - تاريخ ووقت أخر عملية
- حقل الضبط: 20140127192120.0
008 - عناصر بيانات ثابتة الطول
- حقل تحكم ثابت الطول: 140127|||a|||||| | ||| d
040 ## - مصدر الفهرسة
- هيئة الفهرسة الأصلية: OSt
- وكالة الكتابة: OSt
150 ## - مدخل-- مصطلح تاريخي
- عنصر مدخل المصطلح الموضوعي او الاسم الجغرافي: Electronic data interchange.
670 ## - بيانات المصدر موجوده
- الاستشهاد بالمصدر: Work cat.: (OSt)0: Kamal, Raj, 1949- 42551, Mobile computing /, 2012.
